000 00581cam a22002053a 4500
001 40007
003 PGUSA
005 20140828083906.0
008 120616s2012||||xxu|||||s|||||000 | eng d
040 _aPGUSA
_beng
042 _adc
100 1 _aAhlqvist, August,
_d1826-1889
245 1 0 _aSäkeniä, Kokous runoelmia
_h[electronic resource] /
_cAugust Ahlqvist
260 _bProject Gutenberg,
_c2012
506 _aPublic domain in the USA.
516 _aElectronic text
830 0 _aProject Gutenberg
_v40007
856 4 0 _uhttp://www.gutenberg.org/ebooks/40007
942 _cEB
999 _c269260
_d269260